000 00823nam a2200289Ia 4500
001 H5812
003 IT-RoPAU
008 130308s9999 xx 000 0 und d
040 _aIT-RoPAU
040 _cIT-RoPAU
041 _aITALIANO
100 _aDubois Kitsou
100 _gCodice Aut. SPICS: 58260
245 _aCoreografia e assenza di gravità: sorvolo sensibile
245 _bScena Digitale (La). Nuovi Media per la Danza
250 _a1a ed.
260 _aVENEZIA
260 _bMarsilio
260 _c2001 [1° Ed.:2001 - Ed.Ling.Originale:2001]
300 _a"4 p. (prefazione: no ; testo: 4 [pagine: 139-142])"
500 _aEmozioni e Complessità. a Proposito di Movimento.
650 _aSAGGI DI TEATRO
650 _eCodice materia Spics: 8411
942 _cBK
957 _71
999 _c86743
_d86743
999 _g1